Visualizzazione normale
Vista MARC
- Alonso de Talavera,
di Personal Name
Records bibliografici associati: 1
001 - CONTROL NUMBER
- control field: 63269
003 - CONTROL NUMBER IDENTIFIER
- control field: IT-RoINE
005 - DATE AND TIME OF LATEST TRANSACTION
- control field: 20191009103801.0
008 - FIXED-LENGTH DATA ELEMENTS
- fixed length control field: 191009|| aca||aabn | a|a d
040 ## - CATALOGING SOURCE
- Original cataloging agency: IT-RoINE
- Transcribing agency: IT-RoINE
100 ## - HEADING--PERSONAL NAME
- Personal name: Alonso de Talavera,
- Numeration: Obispo de Cádiz,
- Titles and other words associated with a name: m. 1714
670 ## - SOURCE DATA FOUND
- Source citation: Work cat.: (IT-RoINE): Documentos para la Historia del Monasterio de San Lorenzo el Real de El Escorial. VIII., 1965.